| Tag |
First Indicator |
Second Indicator |
Subfields |
| LEADER |
00000cam a2200000 4500 |
| 001 |
in00000062940 |
| 005 |
20151008051123.0 |
| 008 |
720410s1952 nyu 00000 eng u |
| 010 |
|
|
|a 52012865
|
| 035 |
|
|
|a (OCoLC)00279373
|
| 035 |
|
|
|9 AAG5879AM
|
| 040 |
|
|
|c YNG
|d TXA
|d UtOrBLW
|
| 049 |
|
|
|a TXAM
|c [215555]
|
| 050 |
|
0 |
|a HC113
|b .L4
|
| 092 |
|
|
|a 330.971
|b L449c
|
| 100 |
1 |
|
|a Le Bourdais, Douat Marc,
|d 1887-
|
| 245 |
1 |
0 |
|a Canada's century.
|
| 264 |
|
1 |
|a New York :
|b F.A. Praeger,
|c [1952]
|
| 300 |
|
|
|a 214 pages :
|b illustrations
|
| 336 |
|
|
|a text
|b txt
|2 rdacontent
|
| 337 |
|
|
|a unmediated
|b n
|2 rdamedia
|
| 338 |
|
|
|a volume
|b nc
|2 rdacarrier
|
| 490 |
0 |
|
|a Books that matter
|
| 504 |
|
|
|a Bibliography: pages 203-207.
|
| 650 |
|
0 |
|a Natural resources
|z Canada.
|
| 650 |
|
0 |
|a Physical geography
|z Canada.
|
| 650 |
|
0 |
|a Industries
|z Canada.
|
| 999 |
|
|
|a MARS
|
| 999 |
f |
f |
|s 556b8b31-a2d3-33ad-802a-8bae9f37f12b
|i c6195486-0f17-39de-8082-91b1c2a8082d
|t 0
|
| 952 |
f |
f |
|p ric
|a Texas A&M University
|b Rellis Campus
|c Joint Library Facility
|d Remote Storage
|t 0
|e HC113 .L4
|h Library of Congress classification
|i unmediated -- volume
|m A14800705152
|
| 998 |
f |
f |
|a HC113 .L4
|t 0
|l Remote Storage
|